The review of natural products : the most complete source of natural product information, 2001 /

Bibliografiske detaljer
Institution som forfatter: Facts and Comparisons (Firm)
Format: Bog
Sprog:English
Udgivet: St. Louis, Mo : Facts and Comparisons, 2000.
Fag:
Classic Catalogue: View this record in Classic Catalogue
LEADER 02233nam a2200361 a 4500
001 46668156
003 BD-DhAAL
008 090729s2000 moua b 001 0 eng d
020 |a 1574391003 
040 |a KOS  |c KOS  |d DPL   |d BD-DhAAL 
082 0 0 |a 615  |2 21 
245 0 4 |a The review of natural products :  |b the most complete source of natural product information, 2001 /  |c edited by Ara DerMarderosian.  
246 3 0 |a Natural products  
260 |a St. Louis, Mo :  |b Facts and Comparisons,  |c 2000. 
300 |a xi, 722 pages :  |b col. illustrations ;  |c 29 cm. 
504 |a Includes bibliographical references and index. 
526 |x Mustak Ibn Ayub Department of Mathematics and Natural Sciences Course name and no. "not available" 
541 1 |e 00018869 
650 0 |a Medicinal plants  |v Periodicals.  |9 59531 
650 0 |a Materia medica, Vegetable  |v Periodicals.  |9 59532 
650 0 |a Pharmacognosy  |v Periodicals.  |9 59533 
650 0 |a Natural products  |v Periodicals.  |9 59534 
650 0 |a Herbs  |x Treatment  |9 59535 
650 0 |a Alternative medicine.   |9 59536 
650 2 |a Complementary Therapies.  |9 59537 
650 2 |a Medicine, Traditional.  |9 59538 
710 2 |a Facts and Comparisons (Firm)   |9 59539 
852 4 |a Ayesha Abed Library  |j General shelf 
942 |2 ddc  |c BK 
999 |c 3775  |d 3775 
952 |0 0  |1 0  |2 ddc  |4 0  |6 615_REV_200000000000000  |7 0  |9 3428  |a BRACUL  |b BRACUL  |c GEN  |d 2009-09-03  |e Parash Publishers  |g 5500.00  |l 0  |o 615 REV  |p 3010018869  |r 2019-07-22  |t 1  |v 11000.00  |w 2009-09-03  |y BK  |x Requisitioned by Mustak Ibn Ayub, Department of Mathematics and Natural Sciences, Course name and no. "not available" 
952 |0 0  |1 0  |2 ddc  |4 0  |6 615_REV_200000000000000  |7 0  |9 9928  |a BRACUL  |b BRACUL  |c GEN  |d 2010-05-09  |e Parash Publishers  |g 5500.00  |l 1  |m 1  |o 615 REV  |p 3010018870  |r 2010-08-29  |s 2010-05-18  |t 2  |v 11000.00  |w 2010-05-09  |y BK  |x Requisitioned by Mustak Ibn Ayub, Department of Mathematics and Natural Sciences, Course name and no. "not available" 
952 |0 0  |1 0  |2 ddc  |4 0  |6 615_REV_200000000000000  |7 0  |9 9929  |a BRACUL  |b BRACUL  |c GEN  |d 2010-05-09  |e Parash Publishers  |g 5500.00  |l 1  |m 2  |o 615 REV  |p 3010018871  |r 2017-05-04  |s 2017-04-19  |t 3  |v 11000.00  |w 2010-05-09  |y BK  |x Requisitioned by Mustak Ibn Ayub, Department of Mathematics and Natural Sciences, Course name and no. "not available"